Perfeccionamiento y coordinación de los instrumentos interamericanos de paz. Resolución XV de la Octava Conferencia Internacional Americana
Gorde:
| Erakunde egilea: | |
|---|---|
| Formatua: | Liburua |
| Hizkuntza: | gaztelania |
| Argitaratua: |
Washington, D.C
Unión Panamericana
1940
|
| Saila: | Codificación del Derecho Internacional
|
| Gaiak: | |
| Etiketak: |
Etiketa erantsi
Etiketarik gabe, Izan zaitez lehena erregistro honi etiketa jartzen!
|
MARC
| LEADER | 00000nam a2200000 a 4500 | ||
|---|---|---|---|
| 001 | UCR4281 | ||
| 003 | CL-VaPUC | ||
| 005 | 20220907172618.0 | ||
| 008 | 980307e19400000us 1 spa d | ||
| 082 | 0 | 4 | |a 341.0267 |b UNI |2 21 |
| 110 | 2 | |a Unión Panamericana |e author |9 618763 | |
| 245 | 1 | 0 | |a Perfeccionamiento y coordinación de los instrumentos interamericanos de paz. Resolución XV de la Octava Conferencia Internacional Americana |
| 260 | |a Washington, D.C |b Unión Panamericana |c 1940 | ||
| 300 | |a v | ||
| 490 | 0 | |a Codificación del Derecho Internacional | |
| 505 | 0 | 0 | |a v.2: Texto de los proyectos sobre perfeccionamiento y coordinación de los instrumentos de paz sometidos a la Octava Conferencia Internacional Americana |
| 505 | 0 | 0 | |a v.3:Convenios y acuerdos interamericanos de paz existentes, otros convenios de paz suscritos por los estados americanos |
| 583 | |a last modification |c 19980307 00:00:00 |k Rodrigo Vera | ||
| 600 | 1 | 7 | |a UNION PANAMERICANA |2 CL-VaPUC |9 618764 |
| 650 | 0 | 0 | |a Derecho internacional |9 255637 |
| 650 | 0 | 7 | |a DERECHO INTERNACIONAL PUBLICO |2 CL-VaPUC |9 618765 |
| 650 | 0 | 0 | |a Relaciones Internacionales |9 255740 |
| 650 | 0 | 0 | |a Política internacional |9 255813 |
| 650 | 0 | 7 | |a INSTRUMENTOS INTERNACIONALES |2 CL-VaPUC |9 338494 |
| 650 | 0 | 0 | |a Acuerdos |9 367387 |
| 650 | 0 | 0 | |a Paz |9 259242 |
| 650 | 0 | 7 | |a CONFLICTOS INTERNACIONALES |2 CL-VaPUC |9 334143 |
| 942 | |c BK | ||
| 945 | |a crobeson |d 19980307 00:00:00 | ||
| 546 | |a En Español | ||
| 536 | |a Unión Panamericana | ||
| 518 | |p Conferencia Internacional Americana, 8, Washington, mayo de 1940 | ||
| 999 | |c 383102 |d 383100 | ||
| 952 | |0 0 |1 0 |4 0 |6 341_026700000000000_UNI_1940 |7 0 |8 P |9 505116 |a BIBDER |b BIBDER |d 2020-01-23 |h v.2 |i 194889K |o 341.0267 UNI 1940 |p 194889K |r 2023-01-25 |w 2020-01-23 |y BK |k DER | ||
| 952 | |0 0 |1 0 |4 0 |6 341_026700000000000_UNI_1940 |7 0 |8 P |9 505117 |a BIBDER |b BIBDER |d 2020-01-23 |h v.3 |i 1948903 |o 341.0267 UNI 1940 |p 1948903 |r 2023-01-25 |w 2020-01-23 |y BK |k DER | ||